000 00574nam a2200181 i 4500
001 143445
003 ES-MaACL
005 20230906200820.0
007 t|
008 070214s1972 sp r ||||1| spa d
100 1 _aSenghor, Léopold Sédar.
_9105467
245 1 0 _aFundamentos de la africanidad
_b: (negritud y arabismo) /
_cLeopold Sedar Senghor ; traducción de C. M. J. Bartels.
260 _aAlgorta :
_bZero,
_c1972.
300 _a88 p. ;
_c17 cm.
651 4 _aÁfrica-
_xCivilización.
_97592
700 1 _aBartels, C. M. J.
_926097
852 _aES-MaACL
_jC-45516
999 _c143445
_d143445